000 00463nam a22001817a 4500
005 20230117115447.0
008 210306b ||||| |||| 00| 0 eng d
020 _a978-0-7020-29-34-9
041 _aeng
082 _a615.3
_bEVA-T
100 _aEVANS, WILLIAM CHARLES
_96478
245 _aTREASE AND EVANS PHARMACOGNOSY
250 _a16TH, ED.
260 _aEDINBEURGH
_bELSEVIER
_c2009
300 _a603,p
650 _aPHARMACY
_xB.PHARMA
_97083
942 _cBK
999 _c7540
_d7538